Joey and the giant box / by Deborah Lakritz ; ... Read More
Available copies
- 1 of 1 copy available at LARL/NWRL Consortium.
Current holds
0 current holds with 1 total copy.
Show Only Available Copies
| Location | Call Number / Copy Notes | Barcode | Shelving Location | Status | Due Date |
|---|---|---|---|---|---|
| Greenbush Public Library | e LAK (Text) | 35500005639669 | Main | Available | - |
Record details
- ISBN: 9781467719537 (lib. bdg. : alk. paper)
- ISBN: 1467719536 (lib. bdg. : alk. paper)
- ISBN: 9781467719544 (PB)
- ISBN: 1467719544 (PB)
- Physical Description: 1 volume (unpaged) : chiefly color illustrations ; ... Read More
- Publisher: Minneapolis : Kar-Ben Publishing, [2015]
Content descriptions
| Summary, etc.: | With the help of his friends--and one large ... Read More |
Search for related items by subject
| Subject: | Boxes > Juvenile fiction. Sharing > Juvenile fiction. Charity > Juvenile fiction. Collectors and collecting > Juvenile fiction. Jews > United States > Juvenile fiction. |
| LDR | 01621cam a22004098i 4500 | ||
|---|---|---|---|
| 001 | 181610 | ||
| 003 | LARL_NWRL_CONSORTIUM | ||
| 005 | 20150508091725.0 | ||
| 008 | 140212s2015 mnua b 000 1 eng | ||
| 010 | . | ‡a2014003603 | |
| 020 | . | ‡a9781467719537 (lib. bdg. : alk. paper) | |
| 020 | . | ‡a1467719536 (lib. bdg. : alk. paper) | |
| 020 | . | ‡a9781467719544 (PB) | |
| 020 | . | ‡a1467719544 (PB) | |
| 035 | . | ‡a(OCoLC)870530833 | |
| 040 | . | ‡aDLC ‡beng ‡erda ‡cDLC ‡dBDX ‡dBTCTA ‡dYDXCP ‡dSO$ ‡dOCP ‡dOCLCO ‡dOCLCF ‡dGZD | |
| 042 | . | ‡alcac ‡apcc | |
| 049 | . | ‡aNRG | |
| 082 | 0 | 0. | ‡a[E] ‡223 |
| 100 | 1 | . | ‡aLakritz, Deborah. |
| 245 | 1 | 0. | ‡aJoey and the giant box / ‡cby Deborah Lakritz ; illustrated by Mike Byrne. |
| 260 | . | ‡aMinneapolis : ‡bKar-Ben Publishing, ‡c[2015] | |
| 300 | . | ‡a1 volume (unpaged) : ‡bchiefly color illustrations ; ‡c26 cm. | |
| 336 | . | ‡atext ‡2rdacontent. | |
| 336 | . | ‡astill image ‡2rdacontent. | |
| 337 | . | ‡aunmediated ‡2rdamedia. | |
| 338 | . | ‡avolume ‡2rdacarrier. | |
| 520 | . | ‡aWith the help of his friends--and one large discarded box--Joey turns his love of collecting into a tzedakah, or act of charity, for the local food pantry. | |
| 650 | 0. | ‡aBoxes ‡vJuvenile fiction. | |
| 650 | 0. | ‡aSharing ‡vJuvenile fiction. ‡0(LARL_NWRL_CONSORTIUM)174989 | |
| 650 | 0. | ‡aCharity ‡vJuvenile fiction. | |
| 650 | 0. | ‡aCollectors and collecting ‡vJuvenile fiction. | |
| 650 | 0. | ‡aJews ‡zUnited States ‡vJuvenile fiction. ‡0(LARL_NWRL_CONSORTIUM)169779 | |
| 700 | 1 | . | ‡aByrne, Mike, ‡d1979- ‡eillustrator. |
| 901 | . | ‡a181610 ‡bISxN ‡c181610 ‡tbiblio | |

Add to basket
Permalink
Disable Highlighting